Historical Kyoto : With illustrations and guide maps

Historical Kyoto presents a new and unique approach to the history of Kyoto, the former capital of Japan, in which specific sites in and around the city are identified with historical events. yet, because of Kyoto's signifficance in Japan's history, this books can also be read as a cultura...

Cijeli opis

Spremljeno u:
Bibliografski detalji
Glavni autor: Plutschow, Herbert E.
Format: Knjiga
Jezik:Undetermined
Izdano: Tokyo, Japan Japan Times 1983
Oznake: Dodaj oznaku
Bez oznaka, Budi prvi tko označuje ovaj zapis!
Thư viện lưu trữ: Trung tâm Học liệu Trường Đại học Cần Thơ
LEADER 00913nam a2200193Ia 4500
001 CTU_111375
008 210402s9999 xx 000 0 und d
082 |a 915.2 
082 |b P737 
100 |a Plutschow, Herbert E. 
245 0 |a Historical Kyoto : 
245 0 |b With illustrations and guide maps 
245 0 |c Herbert E. Plutschow 
260 |a Tokyo, Japan 
260 |b Japan Times 
260 |c 1983 
520 |a Historical Kyoto presents a new and unique approach to the history of Kyoto, the former capital of Japan, in which specific sites in and around the city are identified with historical events. yet, because of Kyoto's signifficance in Japan's history, this books can also be read as a cultural history. Through this combination of history anf geography, the more than 1000 years of Kyoto's history come alive. 
904 |i M.Loan 
980 |a Trung tâm Học liệu Trường Đại học Cần Thơ